Normal view
MARC view
- Gell-Mann, Murray
Entry Personal Name
001 - CONTROL NUMBER
- control field: 88867
003 - CONTROL NUMBER IDENTIFIER
- control field: NUST
005 - DATE AND TIME OF LATEST TRANSACTION
- control field: 20220207192631.0
008 - FIXED-LENGTH DATA ELEMENTS
- fixed length control field: 220207|| aca||aabn | a|a d
040 ## - CATALOGING SOURCE
- Original cataloging agency: NUST
- Transcribing agency: NUST
100 ## - HEADING--PERSONAL NAME
- Personal name: Gell-Mann, Murray
- General subdivision: Travel
- Geographic subdivision: Ecuador
670 ## - SOURCE DATA FOUND
- Source citation: Work cat.: (NUST)0: Gell-Mann, Murray. 88866, The quark and the jaguar :, c1994.
